000 01173nam a22003377a 4500
003 CHAP
005 20220329135224.0
008 971013s1966 r 00010 d
010 _a32878
011 _a33850
035 _a37966
040 _cCHAP
090 _aTesis
100 0 0 _aLópez Sánchez, Arturo.
_968342
245 _aEvolución de la ganadería en el estado de Morelos de años de 1930 a 1960
260 _aMéxico, D.F. :
_bEl autor,
_c1966
300 _a93 h.
_b: gráfs. ; mapas
502 _aTesis (Médico Veterinario Zootecnista) -- UNAM. Esc. Nacional de Medicina Veterinaria y Zootecnia
590 _aALEPH
_b10
_c20130110
_lUCH01
_h1256
590 _aBATCH-UPD
_b10
_c20130110
_lUCH01
_h0017
590 _aBATCH-UPD
_b10
_c20130110
_lUCH01
_h2120
590 _aBATCH-UPD
_b10
_c20130409
_lUCH01
_h1955
590 _aBATCH-UPD
_b10
_c20130410
_lUCH01
_h1429
590 _aBATCH-UPD
_b10
_c20130914
_lUCH01
_h1457
590 _aCONVERSION
_b10
_c20130109
_lUCH01
_h1318
650 1 4 _aGanadería
_xMorelos.
_944828
901 _aBK
942 _cFOLL
949 _bBC
_cTES
_d-86968
_eTS1
_h23456
_i37966
_si
949 _bBC
_cTES
_d-86969
_eTS2
_fc.2
_h23457
_i37966
_si
999 _c32878
_d32878